[Event "Det åpne NM 2011 Gruppe A"]
[Site "Quality Hotel & Resort Fagerne"]
[Date "2011.04.17"]
[Round "1"]
[White "Tiviakov, Sergei"]
[Black "Andersen, Per O"]
[Result "1-0"]
[WhiteElo "2624"]
[BlackElo "2122"]
[PlyCount "55"]
[EventDate "2011.??.??"]

1. e4 c5 2. Nf3 e6 3. c3 Nf6 4. e5 Nd5 5. Bc4 Nb6 6. Bb3 d6 7. exd6 Bxd6 8. d4
cxd4 9. Qxd4 O-O 10. O-O Nc6 11. Qe4 Be7 12. Rd1 Qe8 13. Ng5 Bxg5 14. Bxg5 Kh8
15. Na3 a6 16. Be3 f5 17. Qh4 Nd7 18. Nc4 Qg6 19. Nd6 Nde5 20. Qg5 Na5 21. Bc2
Bd7 22. Qxg6 hxg6 23. b4 Nac6 24. Nxb7 Be8 25. Bb3 Bf7 26. h3 Rab8 27. Nc5 a5
28. f4 1-0

[Event "Det åpne NM 2011 Gruppe A"]
[Site "Quality Hotel & Resort Fagerne"]
[Date "2011.04.17"]
[Round "1"]
[White "Solodovnichenko, Yuri"]
[Black "Taksrud, Vidar"]
[Result "1/2-1/2"]
[WhiteElo "2577"]
[BlackElo "2088"]
[PlyCount "98"]
[EventDate "2011.??.??"]

1. e4 d5 2. exd5 Nf6 3. c4 c6 4. d4 cxd5 5. Nc3 Nc6 6. Bg5 e6 7. Nf3 Be7 8. c5
h6 9. Bf4 Ne4 10. Rc1 O-O 11. Bb5 Qa5 12. Qa4 Qxa4 13. Bxa4 Bd7 14. O-O Ng5 15.
Bxg5 Bxg5 16. Nxg5 hxg5 17. b4 Rfd8 18. Bxc6 bxc6 19. Rb1 e5 20. dxe5 Bf5 21.
Rb2 d4 22. Nb1 Rd5 23. Nd2 Re8 24. h3 Bd3 25. Re1 a5 26. a3 f6 27. e6 Bf5 28.
e7 axb4 29. axb4 Kf7 30. g4 Bd3 31. f3 Rxe7 32. Rxe7+ Kxe7 33. Kf2 Ke6 34. Ra2
Re5 35. Nb3 Kd5 36. Ra7 Re2+ 37. Kg3 Rb2 38. Rd7+ Kc4 39. Nxd4 Bf1 40. f4 Rd2
41. b5 gxf4+ 42. Kxf4 Rxd4+ 43. Rxd4+ Kxd4 44. bxc6 Bd3 45. g5 Kxc5 46. gxf6
gxf6 47. c7 Ba6 48. h4 Kd6 49. Kf5 Kxc7 1/2-1/2

[Event "Det åpne NM 2011 Gruppe A"]
[Site "Quality Hotel & Resort Fagerne"]
[Date "2011.04.17"]
[Round "1"]
[White "Pham, Toan Thanh"]
[Black "Mirzoev, Azer"]
[Result "0-1"]
[WhiteElo "2086"]
[BlackElo "2571"]
[PlyCount "90"]
[EventDate "2011.??.??"]

1. d4 Nf6 2. c4 e6 3. Nc3 c5 4. d5 exd5 5. cxd5 d6 6. e4 g6 7. Bd3 Bg7 8. h3
O-O 9. Nf3 a6 10. a4 Re8 11. O-O Nbd7 12. Re1 Ne5 13. Nxe5 Rxe5 14. Bf4 Re8 15.
Qd2 Nh5 16. Bh2 Qc7 17. Bc4 Bd7 18. f4 b5 19. axb5 axb5 20. Rxa8 Rxa8 21. Nxb5
Bxb5 22. Bxb5 Rb8 23. Bc4 Rxb2 24. Qc1 Bd4+ 25. Kh1 Qa5 26. Re2 Rb4 27. g4 Rxc4
28. Qxc4 Qa1+ 29. Kg2 Nxf4+ 30. Bxf4 Qg1+ 31. Kf3 Qf1+ 32. Kg3 Bf2+ 33. Rxf2
Qxc4 34. Kf3 Qd3+ 35. Be3 g5 36. Re2 f6 37. Re1 Kf7 38. Rc1 Kg6 39. Re1 h5 40.
Rc1 h4 41. Re1 c4 42. Rc1 c3 43. Re1 c2 44. Rc1 Qd1+ 45. Kf2 Kf7 0-1

[Event "Det åpne NM 2011 Gruppe A"]
[Site "Quality Hotel & Resort Fagerne"]
[Date "2011.04.17"]
[Round "1"]
[White "Miezis, Normunds"]
[Black "Webb, Matthew D"]
[Result "1-0"]
[WhiteElo "2555"]
[BlackElo "2062"]
[PlyCount "53"]
[EventDate "2011.??.??"]

1. c4 Nf6 2. Nc3 c5 3. g3 e6 4. e4 d6 5. Bg2 Be7 6. Nge2 Nbd7 7. a3 Rb8 8. b4
a6 9. bxc5 dxc5 10. f4 b5 11. e5 b4 12. axb4 cxb4 13. Na4 Ng4 14. d4 Qc7 15.
Qd3 a5 16. h3 Bb7 17. O-O Bxg2 18. Kxg2 Nh6 19. g4 Rc8 20. c5 Qc6+ 21. Qf3 Qb5
22. f5 exf5 23. Bxh6 fxg4 24. Qxf7+ Kd8 25. Nf4 Rc6 26. Bxg7 Re8 27. hxg4 1-0

[Event "Det åpne NM 2011 Gruppe A"]
[Site "Quality Hotel & Resort Fagerne"]
[Date "2011.04.17"]
[Round "1"]
[White "Gyldenås, Ole Jørn"]
[Black "Johannessen, Leif E"]
[Result "0-1"]
[WhiteElo "2053"]
[BlackElo "2514"]
[PlyCount "72"]
[EventDate "2011.??.??"]

1. d4 Nf6 2. c4 e6 3. g3 c5 4. Nf3 cxd4 5. Nxd4 d5 6. Bg2 e5 7. Nc2 d4 8. O-O
Nc6 9. b4 Be6 10. Nd2 Qd7 11. Ba3 Rc8 12. Rc1 Be7 13. Re1 O-O 14. Ra1 Rfd8 15.
Qc1 d3 16. b5 Na5 17. exd3 Bxa3 18. Qxa3 Qxd3 19. Qxa5 Qxd2 20. Qxd2 Rxd2 21.
Ne3 e4 22. Rec1 Kf8 23. a4 Rd4 24. Bf1 Nd7 25. a5 Nc5 26. Rd1 Rcd8 27. Nd5 Rxd1
28. Rxd1 Bxd5 29. cxd5 Ke7 30. Bc4 Kd6 31. Kf1 Rc8 32. Rd2 Nd7 33. Ba2 Ne5 34.
h4 Rc1+ 35. Ke2 Nf3 36. Rd1 Rc2+ 0-1

[Event "Det åpne NM 2011 Gruppe A"]
[Site "Quality Hotel & Resort Fagerne"]
[Date "2011.04.17"]
[Round "1"]
[White "Torgersen, Terje"]
[Black "Karlsson, Lars"]
[Result "0-1"]
[WhiteElo "2041"]
[BlackElo "2475"]
[PlyCount "72"]
[EventDate "2011.??.??"]

1. d4 f5 2. h3 Nf6 3. g4 e6 4. g5 Ne4 5. Nf3 c5 6. d5 d6 7. dxe6 Bxe6 8. Bg2
Nc6 9. h4 d5 10. Nfd2 c4 11. Nxe4 fxe4 12. Bf4 Bd6 13. Bxd6 Qxd6 14. Nc3 O-O-O
15. a3 Rhf8 16. e3 Qe5 17. Nb5 a6 18. Nd4 Nxd4 19. Qxd4 Qxd4 20. exd4 Rf4 21.
Bh3 Bxh3 22. Rxh3 Rdf8 23. O-O-O Rxf2 24. b3 b5 25. a4 b4 26. bxc4 dxc4 27. d5
Re2 28. Rd4 c3 29. Kd1 Rg2 30. Re3 Rf1+ 31. Re1 Rxe1+ 32. Kxe1 a5 33. Kd1 e3
34. Re4 Rd2+ 35. Ke1 Rxc2 36. Rxe3 Rc1+ 0-1

[Event "Det åpne NM 2011 Gruppe A"]
[Site "Quality Hotel & Resort Fagerne"]
[Date "2011.04.17"]
[Round "1"]
[White "Kasparov, Sergey"]
[Black "Henrichsen, Erland"]
[Result "1-0"]
[WhiteElo "2473"]
[BlackElo "2038"]
[PlyCount "53"]
[EventDate "2011.??.??"]

1. e4 e6 2. d4 d5 3. Nd2 dxe4 4. Nxe4 Bd7 5. Nf3 Bc6 6. Bd3 Nd7 7. O-O Ngf6 8.
Ng3 Be7 9. Re1 Bxf3 10. Qxf3 c6 11. c3 O-O 12. Bf4 Re8 13. Rad1 Qa5 14. a3 Qd5
15. Qe2 Nf8 16. Ne4 Ng6 17. Bc1 a5 18. Ng5 Qd6 19. g3 a4 20. h4 Qc7 21. Qf3 Bd6
22. h5 Nf8 23. h6 Ng6 24. hxg7 Kxg7 25. Kg2 Rh8 26. Rxe6 Nd5 27. Rxd6 1-0

[Event "Det åpne NM 2011 Gruppe A"]
[Site "Quality Hotel & Resort Fagerne"]
[Date "2011.04.17"]
[Round "1"]
[White "Grønnestad, Anita"]
[Black "Urkedal, Frode O"]
[Result "0-1"]
[WhiteElo "2031"]
[BlackElo "2447"]
[PlyCount "58"]
[EventDate "2011.??.??"]

1. e4 e5 2. d4 exd4 3. Nf3 Nc6 4. Nxd4 Nf6 5. Nxc6 bxc6 6. e5 Qe7 7. Qe2 Nd5 8.
a3 g6 9. f4 a5 10. c4 Ba6 11. g3 Bg7 12. Nd2 O-O 13. Qe4 Nb6 14. b3 f6 15. Bb2
fxe5 16. fxe5 Rae8 17. O-O-O Bxe5 18. Qxe5 Qxe5 19. Bxe5 Rxe5 20. Bd3 c5 21.
Ne4 Rf3 22. Rhe1 d6 23. Rf1 Rxf1 24. Rxf1 a4 25. Kc2 axb3+ 26. Kc3 Kg7 27. h4
Bxc4 28. Bxc4 Rxe4 29. Rf7+ Kg8 0-1

[Event "Det åpne NM 2011 Gruppe A"]
[Site "Quality Hotel & Resort Fagerne"]
[Date "2011.04.17"]
[Round "1"]
[White "Bosch, Jeroen"]
[Black "Arndt, Uwe"]
[Result "1-0"]
[WhiteElo "2424"]
[BlackElo "2021"]
[PlyCount "31"]
[EventDate "2011.??.??"]

1. g3 d5 2. Bg2 b6 3. c4 e6 4. Nf3 Bb7 5. cxd5 exd5 6. O-O Nf6 7. d4 Be7 8. Nc3
O-O 9. Ne5 Re8 10. Bf4 a6 11. Qb3 c6 12. e4 Bd6 13. Nxf7 Kxf7 14. Bxd6 Nxe4 15.
Nxe4 Rxe4 16. Bxb8 1-0

[Event "Det åpne NM 2011 Gruppe A"]
[Site "Quality Hotel & Resort Fagerne"]
[Date "2011.04.17"]
[Round "1"]
[White "Grundekjøn, Christian"]
[Black "Rubio Mejia, Luis Ignacio"]
[Result "0-1"]
[WhiteElo "2018"]
[BlackElo "2409"]
[PlyCount "42"]
[EventDate "2011.??.??"]

1. c4 e5 2. Nc3 Nf6 3. g3 Bb4 4. Bg2 O-O 5. Qb3 Bxc3 6. Qxc3 Nc6 7. Nf3 Re8 8.
O-O d5 9. cxd5 Nxd5 10. Qc5 e4 11. Nd4 Nf4 12. Nxc6 Nxe2+ 13. Kh1 bxc6 14. Qxc6
Rb8 15. b3 Rb6 16. Qc5 Bg4 17. Ba3 Rh6 18. Rae1 Bf3 19. Qe3 Nd4 20. Rc1 Qd7 21.
h4 Qh3+ 0-1

[Event "Det åpne NM 2011 Gruppe A"]
[Site "Quality Hotel & Resort Fagerne"]
[Date "2011.04.17"]
[Round "1"]
[White "Westerinen, Heikki M.J"]
[Black "Thingstad, Anders"]
[Result "1-0"]
[WhiteElo "2358"]
[BlackElo "2014"]
[PlyCount "91"]
[EventDate "2011.??.??"]

1. e4 c6 2. d4 d5 3. Nc3 dxe4 4. Nxe4 Nd7 5. Bc4 Ngf6 6. Ng5 e6 7. Qe2 Nb6 8.
Bb3 h6 9. N5f3 c5 10. dxc5 Bxc5 11. Ne5 O-O 12. f4 Nbd5 13. Bd2 a5 14. a3 b5
15. O-O-O Qb6 16. Nd3 Be3 17. Bxe3 Qxe3+ 18. Rd2 Bb7 19. Nf3 Rfc8 20. Re1 Qxe2
21. Rdxe2 Ba6 22. Nfe5 b4 23. a4 Ng4 24. Re4 Nxe5 25. Nxe5 Rc5 26. Nd7 Rc7 27.
Bxd5 Rac8 28. Nb6 Rb8 29. Bxe6 Bd3 30. Rd4 Bxc2 31. Bc4 Bb3 32. Re3 Rxb6 33.
Rxb3 Rbc6 34. g3 Rxc4+ 35. Rxc4 Rxc4+ 36. Kd2 Rd4+ 37. Ke2 Kf8 38. Re3 Rd7 39.
Re5 Re7 40. Kd3 Rc7 41. Rxa5 Rd7+ 42. Kc2 Rc7+ 43. Kb3 Rb7 44. Rb5 Rd7 45. Rxb4
Rd2 46. a5 1-0

[Event "Det åpne NM 2011 Gruppe A"]
[Site "Quality Hotel & Resort Fagerne"]
[Date "2011.04.17"]
[Round "1"]
[White "Ulvnes, Roar"]
[Black "Gullaksen, Eirik"]
[Result "0-1"]
[WhiteElo "2004"]
[BlackElo "2351"]
[PlyCount "72"]
[EventDate "2011.??.??"]

1. e4 c5 2. Nf3 Nc6 3. d4 cxd4 4. Nxd4 e5 5. Nb5 d6 6. a4 Be7 7. N1c3 a6 8. Na3
Be6 9. Nc4 Rc8 10. Nd5 Bxd5 11. exd5 Nb8 12. a5 Nd7 13. Be3 f5 14. Bb6 Nxb6 15.
Nxb6 Rc7 16. g4 Nf6 17. g5 Nd7 18. Nxd7 Qxd7 19. c4 O-O 20. h4 Re8 21. Qa4 Qd8
22. Bh3 g6 23. Bf1 Bf8 24. Ra3 e4 25. Rb3 Bg7 26. Rb6 Rce7 27. c5 e3 28. Rxd6
exf2+ 29. Kxf2 Qc7 30. b4 Re4 31. Qd7 Qb8 32. Rh3 Be5 33. Re6 Bd4+ 34. Kg2 Rg4+
35. Kf3 Qf4+ 36. Ke2 Qf2+ 0-1

[Event "Det åpne NM 2011 Gruppe A"]
[Site "Quality Hotel & Resort Fagerne"]
[Date "2011.04.17"]
[Round "1"]
[White "Getz, Nicolai"]
[Black "Eriksen, Magnus"]
[Result "1-0"]
[WhiteElo "2333"]
[BlackElo "2002"]
[PlyCount "46"]
[EventDate "2011.??.??"]

1. e4 c5 2. Nf3 d6 3. d4 cxd4 4. Nxd4 Nf6 5. Nc3 a6 6. Be3 e5 7. Nb3 Be6 8. Qd2
Nbd7 9. O-O-O Rc8 10. Kb1 b5 11. f4 Qc7 12. fxe5 dxe5 13. Nd5 Bxd5 14. exd5 Bd6
15. Rc1 Nb6 16. Bxb6 Qxb6 17. Bd3 O-O 18. Rhf1 e4 19. Rxf6 exd3 20. Rf3 Rxc2
21. Rxc2 dxc2+ 22. Qxc2 Qg1+ 23. Nc1 Qxh2 1-0

[Event "Det åpne NM 2011 Gruppe A"]
[Site "Quality Hotel & Resort Fagerne"]
[Date "2011.04.17"]
[Round "1"]
[White "Bjornes, Leif"]
[Black "Welling, Gerard"]
[Result "0-1"]
[WhiteElo "1994"]
[BlackElo "2321"]
[PlyCount "64"]
[EventDate "2011.??.??"]

1. d4 d5 2. c4 c6 3. Nf3 Nf6 4. Nc3 dxc4 5. a4 a5 6. e3 Bg4 7. Bxc4 e6 8. O-O
Nbd7 9. Be2 Bd6 10. e4 e5 11. Be3 O-O 12. Qc2 Qc7 13. h3 Bh5 14. Rac1 Rac8 15.
Qd3 Qb8 16. Rfd1 Rcd8 17. d5 Nc5 18. Qc4 cxd5 19. exd5 e4 20. Bxc5 exf3 21.
Bxd6 Qxd6 22. Bxf3 Bxf3 23. gxf3 Qe5 24. f4 Qf5 25. d6 Qxh3 26. Rd3 Qh4 27. Re1
Ng4 28. Ne4 Qh2+ 29. Kf1 Qxf4 30. Qd5 Rde8 31. Re2 Qh2 32. Rg3 Qh1+ 0-1

[Event "Det åpne NM 2011 Gruppe A"]
[Site "Quality Hotel & Resort Fagerne"]
[Date "2011.04.17"]
[Round "1"]
[White "Kovachev, Daniel Jakobsen"]
[Black "Svanholm, Børge W"]
[Result "1-0"]
[WhiteElo "2307"]
[BlackElo "1993"]
[PlyCount "81"]
[EventDate "2011.??.??"]

1. e4 c5 2. Nf3 d6 3. d4 cxd4 4. Nxd4 Nf6 5. f3 a6 6. c4 e5 7. Nc2 Be6 8. Nc3
Be7 9. Be3 Nbd7 10. Qd2 Rc8 11. Nd5 Bxd5 12. cxd5 O-O 13. Be2 Nb6 14. b3 Nfd7
15. O-O f5 16. exf5 Rxf5 17. Bd3 Rf8 18. Be4 Nf6 19. a4 Nbd7 20. Bf5 Kh8 21.
Rfc1 Rc7 22. Be6 Qb8 23. a5 Rfc8 24. b4 Rc4 25. Na3 Rxc1+ 26. Rxc1 Rxc1+ 27.
Qxc1 Bd8 28. Kf1 Bc7 29. Qc4 Qd8 30. Ke2 Nf8 31. Bf5 Kg8 32. Nb1 Kf7 33. Nc3
N6d7 34. Ne4 h6 35. g3 Ng6 36. h4 Nf6 37. Be6+ Ke7 38. Nxf6 Kxf6 39. h5 Nf4+
40. gxf4 Ke7 41. fxe5 1-0

[Event "Det åpne NM 2011 Gruppe A"]
[Site "Quality Hotel & Resort Fagerne"]
[Date "2011.04.17"]
[Round "1"]
[White "Hauge, Lars Oskar"]
[Black "Aulin-Jansson, Jøran"]
[Result "1-0"]
[WhiteElo "1990"]
[BlackElo "2232"]
[PlyCount "91"]
[EventDate "2011.??.??"]

1. e4 c5 2. Nf3 d6 3. d4 cxd4 4. Nxd4 Nf6 5. Nc3 a6 6. Bg5 e6 7. f4 h6 8. Bh4
Be7 9. Qf3 Qc7 10. O-O-O Nbd7 11. Bd3 g5 12. fxg5 Ne5 13. Qe2 Nfg4 14. Nf3 Nxf3
15. gxf3 hxg5 16. Bg3 Ne5 17. f4 gxf4 18. Bxf4 Bd7 19. Rhf1 f6 20. Rg1 O-O-O
21. Rg7 Bf8 22. Rg3 Bc6 23. Rf1 Rh4 24. Kb1 Qh7 25. Rg2 Be7 26. Bc4 Nxc4 27.
Qxc4 d5 28. exd5 exd5 29. Qe2 d4 30. Qe6+ Rd7 31. Rg8+ Bd8 32. Bg3 dxc3 33.
Rxd8+ Kxd8 34. Qxf6+ Kc8 35. Bxh4 Qh5 36. Qf8+ Kc7 37. Qf4+ Kc8 38. Qf8+ Kc7
39. Bg3+ Kb6 40. Qf2+ Ka5 41. Qe1 Rd2 42. Bf4 Qb5 43. b3 Qb4 44. Bxd2 cxd2 45.
Qe5+ Kb6 46. Qe3+ 1-0

[Event "Det åpne NM 2011 Gruppe A"]
[Site "Quality Hotel & Resort Fagerne"]
[Date "2011.04.17"]
[Round "1"]
[White "Stenersen, Gudmund"]
[Black "Mikalsen, Erlend"]
[Result "1-0"]
[WhiteElo "2228"]
[BlackElo "1981"]
[PlyCount "119"]
[EventDate "2011.??.??"]

1. e4 c5 2. Nf3 d6 3. d4 cxd4 4. Nxd4 Nf6 5. Nc3 g6 6. Be2 Bg7 7. Be3 a6 8. a4
Nbd7 9. O-O O-O 10. Qd2 Nc5 11. f3 e5 12. Nb3 Nxb3 13. cxb3 Be6 14. Bc4 Rc8 15.
Bxe6 fxe6 16. Rfe1 Ne8 17. b4 Rf7 18. a5 Rc6 19. Na4 Nc7 20. Bb6 Qf8 21. Qd3
Nb5 22. Qb3 Qc8 23. Be3 Nd4 24. Bxd4 exd4 25. Nb6 Qe8 26. b5 Rc5 27. bxa6 bxa6
28. Qd3 Qb5 29. Qxb5 Rxb5 30. Nc4 Rc7 31. Nxd6 Rxb2 32. Rab1 Rxb1 33. Rxb1 d3
34. Rb8+ Bf8 35. Kf2 Rc6 36. e5 Rc5 37. f4 Rxa5 38. Ke3 Rd5 39. Ne4 Kf7 40.
Rb7+ Be7 41. Kd2 Kf8 42. Rb8+ Rd8 43. Rxd8+ Bxd8 44. Nc5 Kf7 45. Nxa6 Bb6 46.
Kxd3 g5 47. Ke4 g4 48. f5 exf5+ 49. Kxf5 h5 50. Nb4 Bg1 51. e6+ Ke8 52. Nd5
Bxh2 53. Nf6+ Ke7 54. Nxh5 Bg1 55. Nf4 g3 56. Ng6+ Ke8 57. Ke5 Bc5 58. Nh4 Ba7
59. Nf5 Bb8+ 60. Kf6 1-0

[Event "Det åpne NM 2011 Gruppe A"]
[Site "Quality Hotel & Resort Fagerne"]
[Date "2011.04.17"]
[Round "1"]
[White "Lindblom, Roar"]
[Black "Arvola, Benjamin"]
[Result "0-1"]
[WhiteElo "1974"]
[BlackElo "2217"]
[PlyCount "90"]
[EventDate "2011.??.??"]

1. d4 f5 2. c4 e6 3. Nc3 Nf6 4. g3 Bb4 5. Bd2 O-O 6. Bg2 d6 7. Nf3 Nc6 8. a3
Bxc3 9. Bxc3 Ne4 10. Qc2 Qf6 11. O-O Nxc3 12. Qxc3 e5 13. d5 Ne7 14. Rad1 Qh6
15. b4 f4 16. Nd2 Nf5 17. Rde1 Nd4 18. e3 f3 19. exd4 fxg2 20. Kxg2 Bh3+ 21.
Kg1 Bxf1 22. Rxf1 Rae8 23. Nf3 Qf6 24. Nd2 exd4 25. Qd3 Re7 26. Nb3 Qf3 27.
Qxf3 Rxf3 28. Nxd4 Rxa3 29. Rc1 Ra4 30. c5 dxc5 31. Rxc5 Rxb4 32. Ne6 Kf7 33.
Nxc7 Rd7 34. Kg2 Ke7 35. Rc3 Kd6 36. Ne6 Kxd5 37. Nf4+ Kd6 38. Rd3+ Kc6 39. Ra3
Kb6 40. Nd3 Rb5 41. Kf3 a5 42. Ke4 Re7+ 43. Kd4 Kc6 44. f4 Rd5+ 45. Kc3 Re3 0-1

[Event "Det åpne NM 2011 Gruppe A"]
[Site "Quality Hotel & Resort Fagerne"]
[Date "2011.04.17"]
[Round "1"]
[White "Kyrkjebø, Erlend"]
[Black "Ofstad, Per"]
[Result "0-1"]
[WhiteElo "1963"]
[BlackElo "2194"]
[PlyCount "118"]
[EventDate "2011.??.??"]

1. e4 e5 2. Nf3 Nc6 3. Nc3 d6 4. d4 Bg4 5. Bb5 exd4 6. Qxd4 a6 7. Bxc6+ bxc6 8.
Qd3 Ne7 9. O-O Ng6 10. h3 Bxf3 11. Qxf3 Be7 12. Qe2 O-O 13. f4 Bf6 14. Be3 Qb8
15. Rab1 Re8 16. Qd3 a5 17. a3 Qb7 18. Kh2 Rad8 19. Bd4 Bxd4 20. Qxd4 Qa6 21.
Rf3 Qb6 22. Qd3 Qc5 23. Ne2 d5 24. e5 d4 25. Ng3 Qb5 26. Ne4 Qd5 27. Re1 c5 28.
b3 a4 29. Qc4 axb3 30. cxb3 d3 31. Nd2 c6 32. Rc1 Qd4 33. Qxc5 Qb2 34. Qc3 Qxa3
35. Rcf1 Qa6 36. Nc4 c5 37. Rxd3 Nh4 38. Rxd8 Rxd8 39. Nd6 Qc6 40. Qg3 Ng6 41.
h4 h5 42. Qg5 Ra8 43. Rf3 Qd5 44. Rg3 Ra1 45. Nf5 Qd1 46. Re3 Qg1+ 47. Kg3 Ra2
48. Kf3 Rf2+ 49. Ke4 Rxf4+ 50. Kd5 Rxf5 51. Qd8+ Kh7 52. Rd3 Rxe5+ 53. Kc6
Qxg2+ 54. Kc7 Re7+ 55. Rd7 Qg3+ 56. Kc8 Qg4 57. b4 cxb4 58. Kb8 Qxd7 59. Qxe7
Nxe7 0-1

[Event "Det åpne NM 2011 Gruppe A"]
[Site "Quality Hotel & Resort Fagerne"]
[Date "2011.04.17"]
[Round "1"]
[White "Bjerke, Richart"]
[Black "Johansen, Stian"]
[Result "1/2-1/2"]
[WhiteElo "2189"]
[BlackElo "1938"]
[PlyCount "139"]
[EventDate "2011.??.??"]

1. d4 Nf6 2. c4 e5 3. dxe5 Ng4 4. Nf3 Nc6 5. e3 Bc5 6. Be2 Ngxe5 7. O-O d6 8.
Nc3 O-O 9. b3 Nxf3+ 10. Bxf3 Ne5 11. Be2 Qh4 12. Na4 Bb6 13. Nxb6 axb6 14. Bb2
Be6 15. f4 Ng4 16. Bxg4 Bxg4 17. Qd4 Qh6 18. f5 Qg5 19. h4 c5 20. Qc3 Qf6 21.
Qxf6 gxf6 22. h5 Rfe8 23. Rf4 Be2 24. Kf2 Bd3 25. Bxf6 Re4 26. Kf3 Rxf4+ 27.
Kxf4 b5 28. cxb5 Bxb5 29. a4 Bc6 30. Rd1 d5 31. Kg5 Re8 32. Rc1 Rxe3 33. Rxc5
Rxb3 34. Ra5 Re3 35. Ra8+ Re8 36. Rxe8+ Bxe8 37. a5 Bc6 38. g3 Bd7 39. h6 Kf8
40. Bd4 Bb5 41. g4 Be2 42. Kf4 Bd1 43. g5 Bc2 44. Ke5 Ke7 45. Bc5+ Kd7 46. Bd4
Ke7 47. Bc5+ Kd7 48. Bf8 d4 49. Bb4 Ke8 50. Kf6 Be4 51. Bc5 d3 52. Bb4 d2 53.
Bxd2 Kf8 54. Bb4+ Kg8 55. Ke5 Bh1 56. Kd6 Be4 57. Kc7 Bf3 58. Bc3 Be4 59. Bd4
Bg2 60. Bg7 Be4 61. Bd4 Bf3 62. Kd6 Be4 63. Ke5 Bg2 64. Bc5 Bf3 65. Kf6 Be4 66.
Bb4 Bf3 67. g6 fxg6 68. fxg6 hxg6 69. Kxg6 Be4+ 70. Kg5 1/2-1/2

[Event "Det åpne NM 2011 Gruppe A"]
[Site "Quality Hotel & Resort Fagerne"]
[Date "2011.04.17"]
[Round "1"]
[White "Christiansen, Johan-Sebastian"]
[Black "Gvein, Kenneth"]
[Result "1/2-1/2"]
[WhiteElo "1924"]
[BlackElo "2169"]
[PlyCount "69"]
[EventDate "2011.??.??"]

1. c4 e5 2. Nc3 Nf6 3. g3 Bc5 4. Bg2 O-O 5. e3 Nc6 6. Nge2 Re8 7. O-O e4 8. a3
d6 9. b4 Bb6 10. Qc2 Bf5 11. Kh1 a5 12. b5 Nb8 13. Bb2 Nbd7 14. Na4 Nc5 15.
Nxc5 Bxc5 16. Nf4 c6 17. f3 cxb5 18. Bxf6 Qxf6 19. fxe4 Bd7 20. Nd5 Qd8 21. d4
Ba7 22. Qf2 f6 23. cxb5 Bxb5 24. Rfb1 Bc6 25. Nc3 Re7 26. Qf4 Rc8 27. Nd5 Bxd5
28. exd5 Qd7 29. Qh4 Rxe3 30. Bh3 f5 31. Qf4 Qe7 32. Bxf5 Rf8 33. Rf1 Kh8 34.
Qg4 g6 35. Be6 1/2-1/2

[Event "Det åpne NM 2011 Gruppe A"]
[Site "Quality Hotel & Resort Fagerne"]
[Date "2011.04.17"]
[Round "1"]
[White "Mihajlov, Sebastian"]
[Black "Myhrvold, Rune"]
[Result "0-1"]
[WhiteElo "1871"]
[BlackElo "2164"]
[PlyCount "68"]
[EventDate "2011.??.??"]

1. d4 d6 2. Nf3 Nc6 3. c4 e5 4. e3 e4 5. Nfd2 f5 6. Nc3 Nf6 7. Be2 g6 8. f3 Bh6
9. Nb3 O-O 10. O-O Qe7 11. fxe4 fxe4 12. Bd2 a5 13. a4 Nb4 14. c5 dxc5 15. Nxc5
b6 16. Nb3 Be6 17. Kh1 Rad8 18. Nb5 c6 19. Na3 Qf7 20. Nc1 c5 21. Nb5 Nbd5 22.
Bc4 Nxe3 23. Bxe6 Qxe6 24. Bxe3 Bxe3 25. Qe1 cxd4 26. b4 Ng4 27. h3 Rxf1+ 28.
Qxf1 Rf8 29. Qe1 Bf2 30. Qe2 Nh6 31. Nd3 Be3 32. Nb2 Rc8 33. Re1 Nf5 34. Qd1
Rc1 0-1

[Event "Det åpne NM 2011 Gruppe A"]
[Site "Quality Hotel & Resort Fagerne"]
[Date "2011.04.17"]
[Round "1"]
[White "Flermoen, Peter"]
[Black "Sjøl, Henrik"]
[Result "1-0"]
[WhiteElo "2155"]
[BlackElo "1848"]
[PlyCount "79"]
[EventDate "2011.??.??"]

1. e4 c6 2. d4 d5 3. Nc3 dxe4 4. Nxe4 Bf5 5. Ng3 Bg6 6. Nf3 Nd7 7. h4 h6 8. h5
Bh7 9. Bd3 Bxd3 10. Qxd3 e6 11. Bf4 Qa5+ 12. Bd2 Bb4 13. c3 Be7 14. c4 Qc7 15.
O-O-O Ngf6 16. Ne4 Nxe4 17. Qxe4 Nf6 18. Qe2 O-O-O 19. Ne5 Bd6 20. Nd3 c5 21.
Kb1 Nd7 22. Rhe1 Kb8 23. b4 Ka8 24. bxc5 Be7 25. Bf4 Qc8 26. Qf3 Bf6 27. Nb4
Nb8 28. Bd6 Rxd6 29. cxd6 Qxc4 30. Qb3 Qxb3+ 31. axb3 Rd8 32. Nd3 Rxd6 33. Ne5
Bxe5 34. dxe5 Rxd1+ 35. Rxd1 b6 36. Rd8 Kb7 37. Rf8 Nc6 38. Rxf7+ Ka6 39. Rxg7
Nxe5 40. Rh7 1-0

[Event "Det åpne NM 2011 Gruppe A"]
[Site "Quality Hotel & Resort Fagerne"]
[Date "2011.04.17"]
[Round "1"]
[White "Kjøita, Henning"]
[Black "Tari, Aryan"]
[Result "1/2-1/2"]
[WhiteElo "1843"]
[BlackElo "2155"]
[PlyCount "146"]
[EventDate "2011.??.??"]

1. e4 c5 2. Nf3 Nc6 3. d4 cxd4 4. Nxd4 g6 5. Nxc6 bxc6 6. Qd4 Nf6 7. e5 Nd5 8.
e6 f6 9. c4 Nc7 10. exd7+ Bxd7 11. Be2 e5 12. Qh4 Ne6 13. O-O Nd4 14. Bd3 Be6
15. Nc3 f5 16. Bg5 Be7 17. Bxe7 Qxe7 18. Qh6 e4 19. Qe3 Rd8 20. Ne2 Nf3+ 21.
gxf3 Rxd3 22. Qh6 Bxc4 23. Rac1 Qf7 24. b3 Bd5 25. Nf4 Rd4 26. Nxd5 Qxd5 27.
Qg7 Rg8 28. Qxa7 exf3 29. Rce1+ Re4 30. Rd1 Qe5 31. Qd7+ Kf8 32. Qd8+ Kg7 33.
Rd7+ Kh8 34. Qc7 Qxc7 35. Rxc7 Rd8 36. Rxc6 Rg4+ 37. Kh1 Rg2 38. Rc3 Rxf2 39.
Rxf3 Rxa2 40. R3f2 Rdd2 41. Rxd2 Rxd2 42. Rb1 Kg7 43. b4 Kf6 44. b5 Rd7 45. Kg2
Ke5 46. Kf3 Rb7 47. h4 Kd5 48. Kf4 Kc5 49. h5 Rxb5 50. Rc1+ Kd5 51. Rd1+ Ke6
52. hxg6 hxg6 53. Kg5 Rb4 54. Kxg6 Rg4+ 55. Kh5 Rg8 56. Re1+ Kf6 57. Kh4 Rg4+
58. Kh3 Kg5 59. Ra1 Re4 60. Rg1+ Kf4 61. Rf1+ Ke5 62. Ra1 Kf6 63. Kg3 Kg5 64.
Kf3 Rh4 65. Rg1+ Rg4 66. Rxg4+ fxg4+ 67. Kg3 Kf5 68. Kg2 Kf4 69. Kf2 g3+ 70.
Kg2 Kg4 71. Kg1 Kf3 72. Kf1 g2+ 73. Kg1 Kg3 1/2-1/2

[Event "Det åpne NM 2011 Gruppe A"]
[Site "Quality Hotel & Resort Fagerne"]
[Date "2011.04.17"]
[Round "1"]
[White "Barane, Simon"]
[Black "Kasparova, Tatiana"]
[Result "0-1"]
[WhiteElo "1823"]
[BlackElo "2152"]
[PlyCount "62"]
[EventDate "2011.??.??"]

1. e4 c6 2. d4 d5 3. Nc3 dxe4 4. f3 e3 5. Bxe3 Bf5 6. Bd3 Bxd3 7. Qxd3 e6 8.
Nge2 Nf6 9. O-O-O Nbd7 10. Ng3 Be7 11. Nge4 O-O 12. Nxf6+ Nxf6 13. g4 b5 14. h4
a5 15. Ne4 Qd5 16. Bg5 Qxa2 17. Bxf6 Bxf6 18. Nxf6+ gxf6 19. c3 a4 20. Qb1 Qd5
21. Qe4 Rfd8 22. Qxd5 Rxd5 23. Kc2 Rad8 24. f4 Kg7 25. b3 axb3+ 26. Kxb3 e5 27.
fxe5 fxe5 28. Rhf1 exd4 29. Rf5 dxc3 30. Rdxd5 Rxd5 31. Rf3 Rc5 0-1

[Event "Det åpne NM 2011 Gruppe A"]
[Site "Quality Hotel & Resort Fagerne"]
[Date "2011.04.17"]
[Round "1"]
[White "Hobber, Anders"]
[Black "Bue, Gunnar"]
[Result "1-0"]
[WhiteElo "2152"]
[BlackElo "1821"]
[PlyCount "61"]
[EventDate "2011.??.??"]

1. d4 Nf6 2. Nf3 d5 3. e3 e6 4. Bd3 c5 5. c3 c4 6. Bc2 Bd6 7. Nbd2 O-O 8. O-O
Nc6 9. e4 dxe4 10. Nxe4 Nxe4 11. Bxe4 f5 12. Bxc6 bxc6 13. Qa4 Qd7 14. Qxc4 a5
15. Re1 h6 16. Qe2 f4 17. Bd2 g5 18. c4 Qf7 19. Ne5 Bxe5 20. Qxe5 f3 21. g4 a4
22. b3 axb3 23. axb3 Rxa1 24. Rxa1 Qb7 25. b4 Qg7 26. Qxg7+ Kxg7 27. h3 Kg6 28.
Kh2 h5 29. Ra5 hxg4 30. hxg4 Rh8+ 31. Kg3 1-0

[Event "Det åpne NM 2011 Gruppe A"]
[Site "Quality Hotel & Resort Fagerne"]
[Date "2011.04.17"]
[Round "1"]
[White "Gholami, Armin"]
[Black "Bentsen, Håkon"]
[Result "0-1"]
[WhiteElo "1797"]
[BlackElo "2149"]
[PlyCount "72"]
[EventDate "2011.??.??"]

1. e4 e5 2. Nf3 Nc6 3. Bc4 Bc5 4. c3 Nf6 5. O-O Nxe4 6. d4 d5 7. Bb5 exd4 8.
Qa4 Bd7 9. Nxd4 Nxd4 10. cxd4 Be7 11. Re1 Nd6 12. Bxd7+ Qxd7 13. Qb3 c6 14. Bg5
f6 15. Bf4 O-O 16. Nd2 Rfe8 17. Re2 Nb5 18. Nf3 Bd6 19. Rxe8+ Rxe8 20. Be3 a6
21. a4 Na7 22. Qd3 Nc8 23. Nh4 Ne7 24. Re1 Qg4 25. Nf3 Nf5 26. h3 Qg6 27. Qb3
Nxe3 28. fxe3 Bg3 29. Rc1 Qe4 30. Nd2 Qxe3+ 31. Qxe3 Rxe3 32. Nf1 Rb3 33. Nxg3
Rxg3 34. Rd1 Rb3 35. Rd2 Rb4 36. a5 Rb5 0-1